000
00286nam a22001217a 4500
008
131202t xxu||||| |||| 00| 0 eng d
020
_a
9788181912268
040
_a
ASAB
_c
ASAB
100
_a
V V Pillay
_9
352
245
_a
Comprehensive Medical Toxicology
300
_a
340
942
_2
ddc
_c
BK
999
_c
16621
_d
16621